00889nam a2200241 a 4500001001000000003000900010005001700019008004100036040002500077082002700102100002800129245006600157250003400223260005100257300002100308500005400329590002700383600004400410910003700454942001400491952012500505999001700630000021812DO-SdBNP20240927073747.0100913s1975 dr 000 0bspa d aDO-SdBNPbspacBNPHU a923.17293bB171C, 19751 aCordero, Armando93662910aJoaquín Balaguer : pensador y estadista /cArmando Cordero. a4a. ed. Aumentada y corregida aSanto Domingo :bHorizontes de America,c1975. a258 p. ;c21 cm. aIncluye bibliografía al final de los capitulos. aInventariado, 2019/MFF10a Balaguer, Joaquín,d1906-2002976556 aValidado. Control de calidad MFF 2ddccLBS1 0010718PDaPDbPDcHDd2010-09-13iLF1l0o923.17293 B171C, 1975p21812-10r2020-06-25w2020-06-25yLFPDZNo se presta c21310d21310